00701nam a22001937a 4500999001900000005001700019010001500036020002600051035001400077037001500091082001000106100002300116245006800139260004100207270008300248300003200331942002400363952012000387  c192328d19232820220919160616.0  aENG-135128  a9789383514106c595.00  aEN-118660  bDBAD / PUB  a510.1  aRam Awadhesh Kumar  aMathematical Models :bPopulation Genetics /cRam Awadesh Kumar  aNew DelhibLucky Internationalc2017  aH-16/1922, Sangam ViharbNew Delhi e110080k7838260289mluckybk05@yahoo.co.in  a110p. c23cm(hb)bReference  2ddccENmRAMh510.1  001040708NFICaBNbBNd2022-09-19eDBAD/PUBg595.00l0o510.1 RAMpEN-118660r2022-09-19 00:00:00t1v595.00yEN